[Event "TCh-NED 2005-6"]
[Site "Netherlands NED"]
[Date "2006.03.04"]
[Round "7"]
[White "Grooten,H"]
[Black "Werle,J"]
[Result "0-1"]
[WhiteElo "2365"]
[BlackElo "2514"]

1.d4 Nf6 2.c4 e6 3.Nf3 b6 4.a3 c5 5.d5 Ba6 6.Qc2 exd5 7.cxd5 g6 8.Nc3 Bg7
9.g3 d6 10.Bg2 O-O 11.O-O Re8 12.Re1 Nbd7 13.Bf4 Qe7 14.Qa4 Bb7 15.Nb5 Ne5
16.Nxe5 dxe5 17.d6 Qd7 18.Bxb7 Qxb7 19.Bg5 Qc6 20.Qa6 Rad8 21.a4 Rd7 22.a5 Nd5
23.Nxa7 Qxd6 24.e4 Nb4 25.Qxb6 Qb8 26.Be3 Bf8 27.Ra4 Rb7 28.Rxb4 Rxb6 29.Rxb6 Qxa7
30.b4 Qa8 31.bxc5 Bxc5 32.Rb5 Bxe3 33.Rxe3 Kg7 34.h4 Qc6 35.Rbb3 Ra8 36.Ra3 Ra6
37.Re1 Qa8  0-1

[Event "III GM-Tage"]
[Site "Pulvermuehle GER"]
[Date "2006.03.04"]
[Round "8"]
[White "Korchnoi,V"]
[Black "Atlas,V"]
[Result "0-1"]
[WhiteElo "2608"]
[BlackElo "2480"]

1.d4 Nf6 2.c4 e6 3.Nf3 b6 4.a3 Bb7 5.Nc3 g6 6.Qd3 d5 7.cxd5 exd5 8.Bg5 Bg7
9.Qe3+ Qe7 10.Qxe7+ Kxe7 11.g3 Nd7 12.Rc1 h6 13.Be3 c6 14.Bh3 Rhe8 15.O-O Kf8
16.Rc2 Rad8 17.Bf4 Kg8 18.Bc7 Ra8 19.Rd1 Nf8 20.Be5 Ne6 21.b4 Rac8 22.Rdc1 Rcd8
23.e3 Bc8 24.Bg2 Ba6 25.Bf1 Bb7 26.a4 c5 27.bxc5 bxc5 28.Rb1 Bc8 29.Rb5 cxd4
30.exd4 Ng5 31.Nxg5 hxg5 32.Ra5 Bf5 33.Rc1 Ne4 34.Nxe4 Bxe5 35.dxe5 Bxe4
36.Rxa7 Rxe5 37.Re1 Re6 38.a5 d4 39.Bc4 d3 40.Bxe6 fxe6 41.f4 d2 42.Rd1 Bf3
43.Rxd2 Rxd2 44.fxg5 Ra2 45.a6 Kf8 46.h4 e5 47.Rd7 Rxa6 48.Kf2 Bg4 49.Rc7 Ra2+
50.Ke3 Bf5 51.Rc5 Ra3+ 52.Kf2 e4 53.Re5 Ra2+ 54.Kg1 Ra3 55.Kf2 Kf7 56.g4 Bxg4
57.Rxe4 Bh5 58.Re5 Ra6 59.Re4 Re6 60.Ra4 Ke7 61.Kg3 Rc6 62.Kf4 Kd6 63.Rd4+ Ke6
64.Re4+ Kd5 65.Re5+ Kd6 66.Ra5 Rc4+ 67.Kg3 Rc5 68.Ra8 Rc3+ 69.Kf4 Rc4+ 70.Kg3 Rg4+
71.Kh3 Rd4 72.Kg3 Kd5 73.Rd8+ Ke4 74.Re8+ Kd3 75.Re6 Rg4+ 76.Kh3 Re4 77.Ra6 Re3+
78.Kg2 Ke4 79.Rf6 Rc3 80.Kh2 Rf3 81.Kg2 Rf5 82.Kg3 Ke5 83.Rb6 Rf3+ 84.Kg2 Rd3
85.Rf6 Rd6 86.Rf8 Bg4 87.Kg3 Be6 88.Rh8 Rd3+ 89.Kf2 Bg4 90.Rf8 Bf5 91.Rh8 Rh3  0-1

[Event "1st ONGC Cup"]
[Site "Hyderabad IND"]
[Date "2006.03.05"]
[Round "10"]
[White "Gupta,Ab"]
[Black "Mishra,S"]
[Result "1/2-1/2"]
[WhiteElo "2434"]
[BlackElo "2264"]

1.d4 Nf6 2.c4 e6 3.Nf3 b6 4.a3 c5 5.d5 Ba6 6.Qc2 exd5 7.cxd5 g6 8.Bf4 d6
9.Nc3 Bg7 10.Qa4+ Qd7 11.Bxd6 Qxa4 12.Nxa4 Nxd5 13.e4 Bxf1 14.Rxf1 Ne7 15.O-O-O Nbc6
16.Nc3 O-O-O 17.Ng5 Bxc3 18.bxc3 Rdf8 19.f4 h6 20.Nf3 Re8 21.Kc2 Na5 22.Nd2 Nec6
23.e5 f6 24.exf6 Re6 25.Be5 Nxe5 26.fxe5 Rxe5 27.Rde1 Rxe1 28.Rxe1 Rf8 29.Ne4 Kc7
30.Kd3 Nb7 31.c4 Nd6 32.Nc3 Ne8 33.Re6 Nd6 34.Nd5+ Kc6 35.a4 Rf7 36.Re3 Nf5
37.Re8 Nh4 38.Ke4 Kd6 39.g4 g5 40.Rh8 Ng6 41.Rxh6 Ne5 42.Kf5 Nxc4 43.Nc3 a6
44.Ne4+ Kd5 45.Nxg5 Nd6+ 46.Kg6 Rc7 47.f7 Nxf7 48.Nxf7 c4 49.Rh8 c3 50.Rd8+ Ke4
51.Ng5+ Ke3 52.Re8+ Kd3 53.Nf3 b5 54.axb5 axb5 55.Rd8+ Ke4 56.Nd4 b4 57.Nb3 c2
58.Rd4+ Ke3 59.Rxb4 Rc3 60.Nc1 Kd2 61.Na2 Ra3 62.Rd4+ Ke3 63.Rc4 Rxa2 64.h4 Kd3
65.Rc8 Ra4 66.Rxc2 Rxg4+  1/2-1/2

[Event "ch-BLR"]
[Site "Minsk BLR"]
[Date "2006.03.05"]
[Round "2"]
[White "Tihonov,J"]
[Black "Dydyshko,V"]
[Result "1/2-1/2"]
[WhiteElo "2492"]
[BlackElo "2547"]

1.d4 Nf6 2.Nf3 e6 3.c4 b6 4.a3 Ba6 5.Qc2 Bb7 6.Nc3 c5 7.e4 cxd4 8.Nxd4 Bc5
9.Nb3 Nc6 10.Nxc5 bxc5 11.Bd3 d6 12.O-O Nd4 13.Qd1 O-O 14.Be3 a5 15.b3 Rb8
16.Rb1 Bc6 17.f3 Rb7 18.Rf2 Qc7 19.a4 Qd8 20.Nb5 e5 21.Rbb2 Re8 22.Rf1 h6
23.Qe1 Rb8 24.Qh4 Rb6 25.Kh1 Rb7 26.Qe1 Rb8 27.Qb1 Rb7 28.Kg1 Rb8 29.Qd1 Bb7
30.Rbf2 Re7 31.Re1 Qb6 32.Bd2 Rbe8 33.Rff1  1/2-1/2

[Event "ch-EST w"]
[Site "Tallinn EST"]
[Date "2006.03.06"]
[Round "3"]
[White "Piarnpuu,L"]
[Black "Tsiganova,M"]
[Result "1/2-1/2"]
[WhiteElo "2174"]
[BlackElo "2282"]

1.d4 Nf6 2.Nf3 e6 3.c4 b6 4.a3 Ba6 5.Qc2 c5 6.dxc5 bxc5 7.Bg5 Be7 8.e3 O-O
9.Be2 h6 10.Bh4 Bb7 11.Nc3 d5 12.Rd1 Nbd7 13.O-O Rc8 14.Bg3 Qa5 15.cxd5 exd5
16.Nh4 Rfe8 17.Nf5 Bf8 18.Nd6 Bxd6 19.Bxd6  1/2-1/2

[Event "ch-BLR"]
[Site "Minsk BLR"]
[Date "2006.03.07"]
[Round "4"]
[White "Tihonov,J"]
[Black "Smirnov,Va"]
[Result "1/2-1/2"]
[WhiteElo "2492"]
[BlackElo "2403"]

1.d4 Nf6 2.c4 e6 3.Nf3 b6 4.a3 Bb7 5.Nc3 d5 6.Bg5 Be7 7.e3 O-O 8.Rc1 c5 9.cxd5 exd5
10.dxc5 bxc5 11.Bb5 Na6 12.Qa4 Qb6 13.O-O Nc7 14.Bd3 Ne6 15.Bxf6 Bxf6 16.Qc2 Bxc3
17.bxc3 g6 18.Rb1 Qc7 19.Be2 Rab8  1/2-1/2

[Event "U20ch-RUS w"]
[Site "Cheboksary RUS"]
[Date "2006.03.10"]
[Round "9"]
[White "Nebolsina,V"]
[Black "Malysheva,P"]
[Result "0-1"]
[WhiteElo "2269"]
[BlackElo "2294"]

1.d4 Nf6 2.Nf3 e6 3.c4 b6 4.a3 c5 5.d5 Ba6 6.Qc2 exd5 7.cxd5 g6 8.Nc3 Bg7
9.g3 O-O 10.Bg2 d6 11.O-O Re8 12.Re1 b5 13.e4 Nbd7 14.Bf4 Qb6 15.h3 Nh5 16.Be3 Ne5
17.Nxe5 Bxe5 18.Qd2 Nf6 19.Na2 Nd7 20.Nb4 Bg7 21.Nd3 Qb8 22.Bf4 Bb7 23.Qa5 a6
24.Rab1 Bf6 25.h4 c4 26.Nc1 Nc5 27.Qb6 Bxd5 28.Qxb8 Raxb8 29.Bxd6 Rbc8 30.Bxc5 Rxc5
31.Na2 Be6 32.Nb4 a5 33.Na6 Rcc8 34.e5 Be7 35.Bb7 b4 36.axb4 axb4 37.Rec1 Bf5
38.Bxc8 Rxc8 39.Ra1 c3 40.Nxb4 Bxb4 41.bxc3 Rxc3 42.Rxc3 Bxc3 43.Ra8+ Kg7
44.f4 Be6 45.Rd8 Ba5 46.Rd3 Kh6 47.Kg2 Kh5 48.Ra3 Bd8 49.Rd3 Bb6 50.Kf3 Bg4+
51.Kg2 Bf5 52.Rb3 Bc7 53.Kf3 Bg4+ 54.Kg2 Be6 55.Rb5 Kg4 56.Kh2 h5 57.Kg2 Bd8
58.Rb4 Ba5 59.Rb1 Bf5 60.Ra1 Be4+ 61.Kh2 Bb6 62.Ra2 Be3 63.Ra4 Kf3 64.Rc4 Bf2
65.Rc3+ Kg4 66.f5 Kxf5 67.Kh3 Bd5 68.Rd3 Be6 69.Ra3 Kxe5+ 70.Kg2 Bd4 71.Ra5+ Ke4
72.Ra4 Bd5 73.Rb4 Ke5+  0-1

[Event "ch-BLR"]
[Site "Minsk BLR"]
[Date "2006.03.11"]
[Round "8"]
[White "Tihonov,J"]
[Black "Maiorov,N"]
[Result "1/2-1/2"]
[WhiteElo "2492"]
[BlackElo "2490"]

1.d4 Nf6 2.c4 e6 3.Nf3 b6 4.a3 Bb7 5.Nc3 d5 6.cxd5 Nxd5 7.Bd2 Be7 8.Qc2 O-O
9.e4 Nxc3 10.Bxc3 c5 11.dxc5 bxc5 12.Rd1 Qc7 13.Bd3 Nd7 14.O-O Rfd8 15.Rfe1 h6
16.Bb5 Bc6 17.Ba5 Nb6 18.Bxc6 Qxc6 19.Ne5 Qb5 20.Bxb6 axb6 21.Nc4 Qc6 22.Rxd8+ Bxd8  1/2-1/2

[Event "Sozina Open"]
[Site "Bar SCG"]
[Date "2006.03.21"]
[Round "4"]
[White "Minic,M"]
[Black "Panic,Ne"]
[Result "0-1"]
[WhiteElo "2165"]
[BlackElo "2337"]

1.d4 Nf6 2.c4 e6 3.Nf3 b6 4.a3 c5 5.d5 exd5 6.cxd5 d6 7.Nc3 g6 8.e4 Bg4 9.Bg5 Nbd7
10.Bb5 Bg7 11.h3 Bxf3 12.Qxf3 h6 13.Bh4 Qe7 14.O-O Rd8 15.e5 dxe5 16.Bxf6 Qxf6
17.Qg4 Qf4 18.Qxf4 exf4 19.Rfe1+ Kf8 20.Rad1 Bd4 21.d6 Ne5 22.Ne2 Bxb2 23.Nxf4 Kg7
24.Rd5 g5 25.Nh5+ Kg6 26.Ng3 f6 27.a4 Kf7 28.Red1 Bd4 29.Ne2 Ke6 30.R5xd4 cxd4
31.Nxd4+ Kxd6 32.Nc6+ Kc7 33.Nxd8 Rxd8 34.Rc1+ Kb7 35.g3 Rd4 36.Kf1 a6 37.Be8 h5
38.Ke2 h4 39.Ke3 Rd8 40.Bh5 Rd3+ 41.Ke4 hxg3  0-1

[Event "TCh-AUT 2005-6"]
[Site "Austria AUT"]
[Date "2006.03.23"]
[Round "8"]
[White "Voloshin,L"]
[Black "Bischoff,K"]
[Result "1/2-1/2"]
[WhiteElo "2466"]
[BlackElo "2560"]

1.d4 Nf6 2.Nf3 e6 3.c4 b6 4.a3 Bb7 5.Nc3 Ne4 6.Nxe4 Bxe4 7.e3 d6 8.Bd3 Bxd3
9.Qxd3 Nd7 10.e4 g6 11.Bg5 Qc8 12.Bd2 Bg7 13.Bc3 a5 14.b3 Qb7 15.O-O O-O
16.Rfe1 Rfe8  1/2-1/2

[Event "TCh-AUT 2005-6"]
[Site "Austria AUT"]
[Date "2006.03.24"]
[Round "9"]
[White "Pilaj,H"]
[Black "Babula,V"]
[Result "1/2-1/2"]
[WhiteElo "2403"]
[BlackElo "2585"]

1.d4 Nf6 2.c4 e6 3.Nf3 b6 4.a3 Ba6 5.Qc2 Bb7 6.Nc3 c5 7.e4 cxd4 8.Nxd4 Bc5
9.Nb3 Nc6 10.Bg5 Nd4 11.Nxd4 Bxd4 12.Bd3 Qb8 13.Ne2 Bc5 14.Bf4 Bd6 15.Bxd6 Qxd6
16.f4 Qc5 17.Rf1 O-O 18.Nc3 Rac8 19.Qe2 d5 20.cxd5 exd5 21.e5 Ne4 22.Nxe4 dxe4
23.Bxe4 Bxe4 24.Qxe4 Rfd8 25.Rf2 Rd4 26.Qf3 Qc4 27.g3 Rd3 28.Qg4 h5 29.Qxh5 Qe4+
30.Kf1 Qh1+ 31.Ke2 Qe4+ 32.Kf1 Qh1+ 33.Ke2 Qxa1 34.Kxd3 Qb1+ 35.Ke3 Qc1+
36.Rd2 Qg1+ 37.Ke2 Qg2+ 38.Ke3 Qg1+ 39.Ke2 Qg2+  1/2-1/2

[Event "Sozina Open"]
[Site "Bar SCG"]
[Date "2006.03.24"]
[Round "7"]
[White "Kizov,A"]
[Black "Lapcevic,M"]
[Result "1/2-1/2"]
[WhiteElo "2427"]
[BlackElo "2282"]

1.d4 Nf6 2.c4 e6 3.Nf3 b6 4.a3 Ba6 5.Qb3 c6 6.Bg5 h6 7.Bxf6 Qxf6 8.e4 c5
9.d5 g5 10.Nc3 g4 11.Nd2 Bg7 12.Be2 h5 13.O-O Qf4 14.Qd1 d6 15.g3  1/2-1/2

[Event "VII Dos Hermanas Internet"]
[Site "ICC INT"]
[Date "2006.03.24"]
[Round "1.4"]
[White "Eljanov,P"]
[Black "Vovk,Y"]
[Result "1-0"]
[WhiteElo "2655"]
[BlackElo "2414"]

1.d4 Nf6 2.c4 e6 3.Nf3 b6 4.a3 Bb7 5.Nc3 g6 6.Qc2 d5 7.cxd5 Nxd5 8.Nxd5 exd5
9.Bf4 c6 10.e3 Bg7 11.h4 O-O 12.h5 c5 13.hxg6 hxg6 14.Bd3 Nc6 15.dxc5 bxc5
16.Qxc5 Qf6 17.O-O d4 18.Qg5 dxe3 19.Bxe3 Qd6 20.Bc4 Rfe8 21.Rad1 Qc7 22.Bf4 Qe7
23.Qxe7 Rxe7 24.Rfe1 Rxe1+ 25.Rxe1 Na5 26.Ba2 Bxf3 27.gxf3 Bxb2 28.Re7 Rf8
29.Bd6 Kh8 30.Rxa7 Rd8 31.Bc5 Nc6 32.Rxf7 Ne5 33.Rf4 g5 34.Rf5 Nd3 35.Be7 Re8
36.Rf8+ Rxf8 37.Bxf8 Bd4 38.Kf1 Nxf2 39.a4 Nd3 40.a5 Ne5 41.Bd5 Kh7 42.a6 Kg6
43.Bb4 Nd7 44.Be1 Nb6 45.a7 g4 46.fxg4 Kg5 47.Bf3 Na8 48.Bxa8 Bxa7 49.Bf3 Kf4
50.Kg2 Kg5 51.Bd2+ Kh4 52.g5 Bd4 53.g6 Bf6 54.Bf4 Bg7 55.Be3 Bf6 56.Bh6 Bg7
57.Bxg7 Kg5 58.Be4  1-0

[Event "FSGM April"]
[Site "Budapest HUN"]
[Date "2006.04.01"]
[Round "1"]
[White "Farago,I"]
[Black "Sendur,A"]
[Result "1/2-1/2"]
[WhiteElo "2526"]
[BlackElo "2411"]

1.d4 Nf6 2.c4 e6 3.Nf3 b6 4.a3 Bb7 5.Nc3 d5 6.cxd5 Nxd5 7.Qc2 Nxc3 8.bxc3 Be7
9.e4 Nd7 10.Bd3 c5 11.Bf4 Qc8 12.Qb1 Ba6 13.O-O O-O 14.Rd1 Rd8 15.Ra2 cxd4
16.cxd4 Bxd3 17.Qxd3 Qb7 18.Re2 Rac8 19.h3 Nc5 20.Qc2 Qd7 21.Re3 Qa4 22.Qb1 Nb7
23.Bg3 Qc2 24.Qxc2 Rxc2 25.d5 Ra2 26.Ne5 Na5 27.Rdd3 exd5 28.exd5 Bc5 29.Nc6 Rf8
30.Nxa5 Bxe3 31.fxe3 bxa5 32.Bc7 Rc2 33.d6 f6 34.Bxa5 Rc5 35.Bb4 Rc1+ 36.Kf2 Rd8
37.Rd5 Rd7 38.Ra5 Kf7 39.Kf3 Ke6 40.Ra6 Rc4 41.Kf2 h5 42.Ra5 h4 43.Kf3 g5
44.e4 Rc2 45.Ra6 Rb2 46.Ra5 Rb3+ 47.Kf2 Rb7 48.Rd5 Rd7 49.Ra5 Rd3 50.Ke2 Rb3
51.Kf2 Rf7 52.Rf5 Rb7 53.Ra5 Rd7 54.Ke2 Rg7 55.Rd5 Rd7 56.Kf2 Rb2+ 57.Kf3 Rb3+
58.Kf2 Rg3 59.Ra5 Rb3 60.Rd5 Rb7 61.Ra5 Rf7 62.Rf5 Rb7 63.Ra5  1/2-1/2

[Event "TCh-FRA Top 16 Gp A"]
[Site "Montpellier FRA"]
[Date "2006.04.01"]
[Round "6"]
[White "Komarov,D"]
[Black "Lepelletier,B"]
[Result "1-0"]
[WhiteElo "2516"]
[BlackElo "2437"]

1.d4 Nf6 2.Nf3 e6 3.c4 b6 4.a3 Bb7 5.Nc3 g6 6.Qc2 Bxf3 7.exf3 Bg7 8.Bg5 c6
9.O-O-O O-O 10.h4 d5 11.h5 Nbd7 12.Bd3 Re8 13.hxg6 fxg6 14.g4 a6 15.cxd5 cxd5
16.Be3 Nf8 17.Kb1 b5 18.Ne2 Rc8 19.Qd2 N6d7 20.Bh6 Qf6 21.Bxg7 Qxg7 22.Qa5 Nb8
23.f4 Qb7 24.Qd2 Nc6 25.f5 e5 26.fxg6 hxg6 27.Bc2 Rcd8 28.Bb3 exd4 29.Nf4 Re5
30.Rh6 Qg7 31.Rdh1 Ne7 32.Ka2 Re4 33.Rh8+ Kf7 34.Nh3 Rxg4 35.f3 Qxh8 36.Ng5+ Rxg5
37.Rxh8 Rf5 38.Qa5 Rd7 39.Qxa6 Kg7 40.Rh3 b4 41.Qb6 bxa3 42.Qxd4+ Rf6 43.bxa3 Nf5
44.Qd2 d4 45.Qh2 Re7 46.Rh8 Rfe6 47.Bxe6 Rxe6 48.Rh3 Kf6 49.f4 Re3 50.Rxe3 dxe3
51.a4 Ne6 52.a5 Nfd4 53.a6 e2 54.Qh8+ Kf5 55.Qe5+ Kg4 56.a7 Nc7 57.f5 Kf3
58.Qxc7  1-0

[Event "FSGM April"]
[Site "Budapest HUN"]
[Date "2006.04.03"]
[Round "3"]
[White "Farago,I"]
[Black "Szabo,Kr1"]
[Result "1-0"]
[WhiteElo "2526"]
[BlackElo "2447"]

1.d4 Nf6 2.c4 e6 3.Nf3 b6 4.a3 Ba6 5.Qc2 Bb7 6.Nc3 c5 7.e4 cxd4 8.Nxd4 Bc5
9.Nb3 Nc6 10.Bf4 O-O 11.Rd1 e5 12.Bg5 Nd4 13.Nxd4 Bxd4 14.Bd3 h6 15.Bh4 a6
16.O-O Rc8 17.Ne2 Bc5 18.b4 Be7 19.f3 b5 20.Qb3 Qb6+ 21.c5 Qc7 22.Bb1 Rcd8
23.Ng3 d6 24.cxd6 Rxd6 25.Rxd6 Qxd6 26.Nf5 Qc7 27.Qc2 Bd8 28.Nxh6+ Kh7 29.Nf5 Qxc2
30.Bxc2 Bb6+ 31.Bf2 Bxf2+ 32.Rxf2 Rd8 33.Kf1 g6 34.Ne3 Rd4 35.Ke1 Ne8 36.Rd2 Nd6
37.Bb3 Rxd2 38.Kxd2 Kg7 39.Ng4 f6 40.Kc3 Bc8 41.Nf2 f5 42.Bd5 f4 43.g3 g5
44.gxf4 gxf4 45.Nd3 Kf6 46.h4 Bh3 47.Kd2 Nc4+ 48.Bxc4 bxc4 49.Nc5 Bg2 50.Ke2 c3
51.a4 c2 52.Nd3 Bh3 53.Kd2 Bg2 54.Ne1 Bh3 55.Kxc2 Bd7 56.Kb3 Be6+ 57.Kc3 Bd7
58.b5 axb5 59.a5 Bc8 60.Kb4 Kg6 61.Nd3 Kh5 62.Kxb5 Kxh4 63.a6 Kg3 64.Nxe5  1-0

[Event "Liguilla Absoluta"]
[Site "Lima PER"]
[Date "2006.04.03"]
[Round "5"]
[White "Cruz,Jon"]
[Black "Samame Castillo,J"]
[Result "1/2-1/2"]
[WhiteElo "2187"]
[BlackElo "2228"]

1.d4 Nf6 2.Nf3 e6 3.c4 b6 4.a3 Bb7 5.Nc3 d5 6.cxd5 Nxd5 7.Qc2 Be7 8.e4 Nxc3
9.bxc3 O-O 10.Bd3 c5 11.O-O Qc7 12.Qe2 Nd7 13.Bb2 Nf6 14.Rfe1 Rfd8 15.Rad1 Nh5
16.g3 Nf6 17.Ne5 Rac8 18.Rd2 Qb8 19.Qd1 Qa8 20.Qf3 Qb8 21.Bb1 Qc7 22.Red1 b5
23.Ng4 Nd7 24.d5 Nf8 25.c4 Bg5 26.Qc3 f5 27.exf5 exd5 28.cxd5 Rd6 29.f4 Bf6
30.Nxf6+ gxf6 31.Qe3 Qf7 32.Be4 Nd7 33.Bf3 Nb6 34.Qe2 Nc4 35.Rd3 Rcd8 36.Qg2 Re8
37.Qf2 Red8 38.Bc1 Qc7 39.Qe2 Qd7 40.Qf2 Qc7 41.Be3 Rc8 42.Bc1 Rcd8 43.Be3 Rc8
44.Bc1  1/2-1/2

[Event "32nd ch-IND w"]
[Site "Visakhapatnam IND"]
[Date "2006.04.03"]
[Round "1"]
[White "Gokhale,A"]
[Black "Gomes,M"]
[Result "0-1"]
[WhiteElo "2198"]
[BlackElo "2231"]

1.d4 Nf6 2.c4 e6 3.Nf3 b6 4.a3 Bb7 5.Nc3 Be7 6.d5 d6 7.e4 O-O 8.Be2 e5 9.O-O Bc8
10.b4 Bg4 11.Ne1 Bxe2 12.Qxe2 Nbd7 13.Nd3 Ne8 14.Be3 Bg5 15.Rfc1 Bxe3 16.Qxe3 f5
17.exf5 Rxf5 18.Ne4 Qh4 19.Ng3 Rf7 20.Ne1 Nef6 21.Nf3 Qf4 22.Qxf4 exf4 23.Ne2 Ne4
24.Ned4 h6 25.Re1 Ndf6 26.Ne6 g5 27.Nfd4 a6 28.Rac1 g4 29.Nxf4 Kh7 30.Nfe6 Rg8
31.Rc2 Ng5 32.a4 Nfe4 33.Nxg5+ Nxg5 34.Nc6 h5 35.Kf1 h4 36.Re7 Rxe7 37.Nxe7 Rf8
38.Nc6 h3 39.gxh3 gxh3 40.Nd4 Rf4 41.Ne6 Nxe6 42.dxe6 Kg7 43.Ke2 Re4+ 44.Kf3 Rxe6
45.Kg4 Rh6 46.f4 Kf6 47.c5 bxc5 48.bxc5 d5 49.f5 Rh8 50.Re2 Rg8+ 51.Kf4 Rg2
52.Re6+ Kf7 53.Rc6 Rxh2 54.Rxc7+ Kf6 55.Rc6+ Kf7 56.Ke5 Rh1 57.Rh6 h2 58.Rh7+ Kg8
59.Rh3 Re1+ 60.Kxd5 h1=Q+ 61.Rxh1 Rxh1 62.Kc6 Rc1 63.Kd6 Kf7 64.c6 Rd1+ 65.Kc7 Ke7
66.Kb7 Kd6 67.a5 Rb1+  0-1

[Event "ch-VIE"]
[Site "Cao Lanh Dong Thap VIE"]
[Date "2006.04.05"]
[Round "5"]
[White "Dao Thien Hai"]
[Black "Bui Vinh"]
[Result "1-0"]
[WhiteElo "2560"]
[BlackElo "2475"]

1.d4 Nf6 2.c4 e6 3.Nf3 b6 4.a3 Bb7 5.Nc3 d5 6.Bg5 Be7 7.Qa4+ c6 8.Bxf6 Bxf6
9.cxd5 exd5 10.g3 O-O 11.Bg2 Nd7 12.O-O Re8 13.Rfd1 Qe7 14.e3 g6 15.Rac1 Bg7
16.Ne1 Qd6 17.Nd3 f5 18.Qb3 Kh8 19.Qc2 Rac8 20.Qd2 Ba6 21.Bf1 Kg8 22.Qc2 Bb7
23.Qb1 Nf6 24.Ne5 Ne4 25.f4 Bxe5 26.dxe5 Qe7 27.b4 Red8 28.Bg2 Kg7 29.Qb2 Kg8
30.Rc2 Rc7 31.Qc1 Rcd7 32.Ne2 Kg7 33.Bxe4 dxe4 34.Rxd7 Rxd7 35.Nd4 a5 36.bxa5 c5
37.Nb5 Rd3 38.Nd6 Qe6 39.Nxb7 Qd5 40.Kf2 Qxb7 41.Qb2 Qd5 42.axb6 Rb3 43.Qc1 Qd3
44.Rb2 c4 45.b7 Qd8 46.Rxb3 cxb3 47.Qb2 Qd1 48.e6+ Kh6 49.b8=Q Qf3+ 50.Ke1 Qxe3+
51.Kf1  1-0

[Event "32nd ch-IND w"]
[Site "Visakhapatnam IND"]
[Date "2006.04.05"]
[Round "3"]
[White "Gokhale,A"]
[Black "Amrutha,M"]
[Result "0-1"]
[WhiteElo "2198"]
[BlackElo "2126"]

1.d4 Nf6 2.c4 e6 3.Nf3 b6 4.a3 Bb7 5.Nc3 d5 6.Bg5 Be7 7.Bxf6 Bxf6 8.cxd5 exd5
9.Qb3 O-O 10.Rd1 c6 11.g3 Re8 12.Bg2 Na6 13.O-O Nc7 14.Rfe1 Ne6 15.h4 c5
16.e3 Rc8 17.Bh3 cxd4 18.exd4 Rc4 19.Bxe6 Rxe6 20.Rxe6 fxe6 21.Re1 Bxd4 22.Nxd4 Rxd4
23.Rxe6 Qd7 24.Re5 Rc4 25.Ne2 Qc6 26.Re7 Kf8 27.Re5 d4 28.f3 Qc7 29.Rf5+ Ke7
30.Kg2 g6 31.Rf4 Bd5 32.Nxd4 Qc5 33.Qe3+ Kd7 34.b4 Qd6 35.Kh3 a6 36.g4 Rc8
37.Ne2 Re8 38.Re4 Bxe4 39.fxe4 Kc7 40.Ng3 Qe6 41.Qh6 Re7 42.h5 gxh5 43.Qxh5 Rd7
44.a4 Qg6 45.Qe5+ Qd6 46.Qc3+ Qc6 47.Qe5+ Kb7 48.b5 Qh6+ 49.Qh5 Qxh5+ 50.Nxh5 a5
51.Nf6 Rd4 52.g5 Rxa4 53.Kg4 Rb4 54.Kf4 Rxb5 55.e5 a4 56.Nxh7 a3 57.g6 a2
58.g7 Rxe5  0-1

[Event "32nd ch-IND w"]
[Site "Visakhapatnam IND"]
[Date "2006.04.07"]
[Round "6"]
[White "Ramya,K"]
[Black "Swathi,G"]
[Result "0-1"]
[WhiteElo "2161"]
[BlackElo "2244"]

1.d4 Nf6 2.c4 e6 3.Nf3 b6 4.a3 Ba6 5.Qc2 Bb7 6.Nc3 c5 7.dxc5 Bxc5 8.e3 O-O
9.Be2 Nc6 10.O-O Rc8 11.Rd1 Be7 12.b4 a6 13.Bb2 Qc7 14.Rac1 d6 15.Qb3 Qb8
16.Nd2 Ne5 17.Na4 Ned7 18.Bd4 Bc6 19.b5 axb5 20.cxb5 Bd5 21.Bc4 Ba8 22.Be2 e5
23.Bc3 d5 24.Nf3 Bd6 25.h3 Rfe8 26.Bb4 Nc5 27.Nxc5 bxc5 28.Bc3 Ne4 29.a4 c4
30.Qb2 Bc7 31.Bb4 Qb6 32.Nd2 Nc5 33.Qa3 Bb8 34.e4 Ba7 35.a5 Qxb5 36.exd5 Nd3
37.Bxd3 cxd3 38.Rxc8 Rxc8 39.d6 Qd5 40.Nf3 e4 41.Ne1 h5 42.Rc1 Re8 43.Bd2 e3
44.Bxe3 Rxe3 45.Rc8+ Kh7 46.fxe3 d2  0-1

[Event "TCh-HUN 2005-6"]
[Site "Hungary HUN"]
[Date "2006.04.09"]
[Round "10"]
[White "Ruck,R"]
[Black "Istratescu,A"]
[Result "1/2-1/2"]
[WhiteElo "2537"]
[BlackElo "2621"]

1.Nf3 Nf6 2.c4 e6 3.d4 b6 4.a3 Ba6 5.e3 Be7 6.Bd3 d5 7.cxd5 Bxd3 8.Qxd3 exd5
9.Nc3 O-O 10.O-O a5 11.Bd2 c5 12.Ne5 Bd6 13.f4 Na6 14.Be1 c4 15.Qf5 Qc8 16.Qxc8 Raxc8
17.Bh4 Rfd8 18.Bxf6 gxf6 19.Ng4 Be7 20.Nh6+ Kf8 21.Rf3 Nc7 22.Rg3 Ke8 23.Re1 Bf8
24.Ng8 f5 25.Rg5 b5 26.Rxf5 Bg7 27.Nf6+ Bxf6 28.Rxf6 b4 29.axb4 axb4 30.Na4 Ne6
31.f5 Ke7 32.Rh6 Ng5 33.Nc5 Ne4 34.Nxe4 dxe4 35.Rc1 Rd6 36.Rh4 Ra6 37.Rxe4+ Kd6
38.d5 Ra2 39.Rcxc4 Rxc4 40.Rxc4 Rxb2 41.e4 b3 42.Rb4 h5 43.h4 Ke5 44.Kh2 Rd2
45.Rxb3 Kxe4 46.f6 Rxd5 47.Rb7 Kf5 48.Rxf7 Rd4 49.Kh3 Rd3+ 50.Kh2 Rd4 51.Kg3 Rd5
52.Rf8 Kg6 53.Kf4 Rf5+ 54.Ke4 Ra5 55.g3 Ra4+ 56.Kf3 Ra3+ 57.Kg2 Ra5 58.Kh3 Rf5
59.Rg8+ Kxf6  1/2-1/2

[Event "Open NOR-ch"]
[Site "Oslo NOR"]
[Date "2006.04.10"]
[Round "3"]
[White "De Andres Gonalons,F"]
[Black "Jacobsen,M"]
[Result "1-0"]
[WhiteElo "2108"]
[BlackElo "1846"]

1.d4 Nf6 2.c4 e6 3.Nf3 b6 4.a3 Bb7 5.Nc3 Be7 6.d5 exd5 7.cxd5 Ba6 8.g3 O-O
9.Bg2 Re8 10.O-O h6 11.h3 Bd6 12.Nd4 Be5 13.Re1 Bxd4 14.Qxd4 c5 15.Qa4 d6
16.g4 g5 17.f4 Nh7 18.Ne4 b5 19.Qc2 Nf6 20.Ng3 gxf4 21.Bxf4 b4 22.Nf5 Bc8
23.Nxd6 Re7 24.Nxc8  1-0

[Event "32nd ch-IND w"]
[Site "Visakhapatnam IND"]
[Date "2006.04.10"]
[Round "10"]
[White "Ramya,K"]
[Black "Vijayalakshmi,S"]
[Result "1-0"]
[WhiteElo "2161"]
[BlackElo "2479"]

1.d4 Nf6 2.c4 e6 3.Nf3 b6 4.a3 Bb7 5.Nc3 Be7 6.d5 d6 7.e4 e5 8.Bd3 Nbd7 9.O-O Nf8
10.Ne1 Ng6 11.g3 Bc8 12.Ng2 Bh3 13.Re1 h5 14.Ne3 Qc8 15.Nf5 Kf8 16.b4 Bd8
17.f3 h4 18.g4 Nf4 19.Bxf4 exf4 20.Kf2 g6 21.Nd4 Bxg4 22.fxg4 Nxg4+ 23.Kg1 Bf6
24.e5 Bxe5 25.Ne6+ fxe6 26.Qxg4 exd5 27.Qf3 g5 28.Nxd5 c6 29.Ne3 Bxa1 30.Rxa1 Qe6
31.Nf5 d5 32.cxd5 Qxd5 33.Be4 Qe5 34.Re1 Re8 35.Kf2 Kf7 36.Bd5+ Qxd5 37.Qxd5+ cxd5
38.Nd6+ Kg6 39.Nxe8 g4 40.Nc7 Rc8 41.Nxd5 Rc2+ 42.Re2 Rxe2+ 43.Kxe2 Kf5 44.b5 Ke5
45.Ne7 Ke4 46.Ng6 f3+ 47.Kf2 g3+ 48.hxg3 h3 49.Kg1 Ke3 50.Ne5 f2+ 51.Kf1 h2
52.Ng4+ Kf3 53.Nxh2+ Kxg3 54.a4 Kf4 55.Kxf2 Ke4 56.Nf3 Kd5 57.Ke3 Kc5 58.Nd4 Kb4
59.Nc6+ Kxa4 60.Nxa7  1-0

[Event "43rd ch-IND"]
[Site "Visakhapatnam IND"]
[Date "2006.04.10"]
[Round "11"]
[White "Thejkumar,M"]
[Black "Kunte,A"]
[Result "0-1"]
[WhiteElo "2384"]
[BlackElo "2551"]

1.d4 Nf6 2.Nf3 e6 3.c4 b6 4.a3 Bb7 5.Nc3 d5 6.cxd5 Nxd5 7.e3 g6 8.Bb5+ c6
9.Bd3 Bg7 10.e4 Nxc3 11.bxc3 O-O 12.Bg5 Qc7 13.O-O c5 14.Qd2 Nd7 15.Rfe1 Rac8
16.Rac1 Rfe8 17.h4 e5 18.Bb5 exd4 19.cxd4 Rxe4 20.d5 Rce8 21.d6 Rxe1+ 22.Nxe1 Qc8
23.a4 a6 24.Bc4 Ne5 25.Bd5 Bxd5 26.Qxd5 Qe6 27.Qd2 Nc4 28.Qd3 Nxd6 29.Qxa6 Ne4
30.Nf3 Qa2 31.Rf1 Qb2 32.Be3 h6 33.Qd3 Qf6 34.Qb5 Qe6 35.a5 bxa5 36.Qxa5 c4
37.Nd4 Qd7 38.Qb5 Qxb5 39.Nxb5 Rb8 40.Nd4 c3 41.Rc1 Rb4 42.Ne2 Rb2 43.Kf1 h5
44.f3 Nd2+ 45.Bxd2 cxd2 46.Rd1 Bf6 47.g3 Ra2 48.Kf2 Bd8 49.Nc3 Ra3 50.Ne4 Bb6+
51.Ke2 Re3+ 52.Kxd2 Rxf3 53.Rb1 Bd4 54.Rb8+ Kg7 55.Rd8 Be5 56.Rd3 Rxd3+ 57.Kxd3 f5
58.Ng5 Bxg3 59.Nf3 Kf6 60.Ke3 Ke6 61.Nd4+ Ke5 62.Nf3+ Kd5 63.Kd3 Be5 64.Ke3 f4+
65.Ke2 Bf6 66.Kd3 Bd8 67.Ke2 Be7 68.Kf2 Ke4 69.Kg2  0-1

[Event "43rd ch-IND"]
[Site "Visakhapatnam IND"]
[Date "2006.04.10"]
[Round "12"]
[White "Gupta,Ab"]
[Black "Sandipan,C"]
[Result "0-1"]
[WhiteElo "2434"]
[BlackElo "2522"]

1.d4 Nf6 2.c4 e6 3.Nf3 b6 4.a3 Bb7 5.Nc3 d5 6.cxd5 Nxd5 7.Qc2 Nxc3 8.bxc3 Nd7
9.e4 Be7 10.Bd3 c5 11.O-O Qc7 12.Qe2 O-O 13.Bb2 Rfe8 14.Rad1 Rac8 15.h4 Qf4
16.Rfe1 c4 17.Bc2 a6 18.Nd2 b5 19.g3 Qc7 20.h5 a5 21.e5 b4 22.axb4 axb4 23.Ne4 Qc6
24.Qg4 b3 25.Bb1 Kh8 26.Qh3 Nb6 27.g4 Nd5 28.Qh2 f6 29.h6 Rg8 30.hxg7+ Rxg7
31.exf6 Nxf6 32.Nxf6 Bxf6 33.Re4 Qd7 34.f3 Bxe4 35.Bxe4 Qc7 36.Qh3 Bg5 37.Kg2 Rf8
38.Rh1 Rf6 39.Qh5 Rh6 40.Qe8+ Rg8 41.Qc6 Qxc6 42.Bxc6  0-1

[Event "32nd ch-IND w"]
[Site "Visakhapatnam IND"]
[Date "2006.04.14"]
[Round "14"]
[White "Ramya,K"]
[Black "Gomes,M"]
[Result "0-1"]
[WhiteElo "2161"]
[BlackElo "2231"]

1.d4 Nf6 2.c4 e6 3.Nf3 b6 4.a3 Bb7 5.Nc3 d5 6.Bg5 Be7 7.e3 O-O 8.Rc1 Nbd7
9.cxd5 exd5 10.Be2 h6 11.Bh4 Ne4 12.Bg3 Nxg3 13.hxg3 Nf6 14.Ne5 c5 15.Bf3 cxd4
16.exd4 Ne4 17.O-O Rc8 18.Bxe4 dxe4 19.Re1 Bg5 20.Rb1 f6 21.Ng6 Re8 22.Nf4 Bxf4
23.gxf4 Qd6 24.Qd2 f5 25.Rbd1 Bd5 26.Qe3 Red8 27.Rd2 a6 28.f3 exf3 29.Nxd5 Qxd5
30.Qe6+ Kh8 31.Qxd5 Rxd5 32.g3 Rc4 33.Red1 g5 34.Kf2 g4 35.Ke3 Kg7 36.Rd3 Rc8
37.R1d2 Re8+ 38.Kf2 Re4 39.Kf1 h5 40.Kf2 Kg6 41.Rc3 Rexd4 42.Rc6+ Kg7 43.Rxd4 Rxd4
44.Rxb6 Rd2+ 45.Kf1 h4 46.Rb7+ Kg6 47.Rb6+ Kh5 48.Rf6 hxg3 49.Rxf5+ Kh4  0-1

[Event "ch-DEN"]
[Site "Aalborg DEN"]
[Date "2006.04.15"]
[Round "8"]
[White "Glud,J"]
[Black "Aagaard,J"]
[Result "0-1"]
[WhiteElo "2421"]
[BlackElo "2447"]

1.d4 Nf6 2.Nf3 e6 3.c4 b6 4.a3 c5 5.d5 Ba6 6.dxe6 fxe6 7.Nbd2 d5 8.g3 Bb7
9.Bg2 Bd6 10.e4 d4 11.O-O Nc6 12.Ng5 e5 13.f4 h6 14.Ngf3 Qc7 15.f5 O-O-O
16.Ne1 h5 17.h3 g6 18.Nd3 gxf5 19.Rxf5 Qg7 20.b4 Rhg8 21.Qf3 Rdf8 22.bxc5 Ne7
23.cxd6 Nxf5 24.Qxf5+ Nd7 25.Qxh5 Qxg3 26.Qe2 Qxh3 27.Ne1 d3  0-1